| 000 | 00709 a2200193 4500 | ||
|---|---|---|---|
| 003 | Nust | ||
| 005 | 20230331103658.0 | ||
| 010 | _a56013685 | ||
| 040 | _cNust | ||
| 082 | _a808.83,CAT | ||
| 100 |
_aCather, Willa, _950729 |
||
| 245 |
_aFive stories: _bWith an article by George N. Kates on Miss Cather’s last, unfinished, and unpublished Avignon story / _cWilla Cather, |
||
| 260 |
_aVintage Books _bNew York _c1956 |
||
| 300 |
_a214 p _b19 cm |
||
| 505 | _aThe Enchanted Bluff (Page-3), Tom Outland Story (Page-16), Neighbor Rosicky (Page-72), The Best Years (Page-112), Pauls’s Case (Page-149). | ||
| 600 |
_aCather, Willa, _950729 |
||
| 650 |
_aFive stories _9111646 |
||
| 942 |
_2ddc _cBK _k808.83,CAT |
||
| 999 |
_c186107 _d186107 |
||